| 000 | 00390nam a2200169Ia 4500 | ||
|---|---|---|---|
| 100 | _aShroff/Gautam | ||
| 650 | _aCloud computing | ||
| 942 | _cBK | ||
| 366 | _f27 | ||
| 654 | _acloud computing | ||
| 245 | _aEnterprise cloud computing:Technology | ||
| 260 |
_bCambridge University Press _c2010 |
||
| 082 |
_a4.65 _bSHR |
||
| 300 | _a273 | ||
| 546 |
_aENGLISH _cComputers |
||
| 999 |
_c22761 _d22761 |
||